Wind energy potential in pakistan and basic design of wind turbine : (Record no. 355496)
[ view plain ]
| 000 -LEADER | |
|---|---|
| fixed length control field | 01593nam a2200241 a 4500 |
| 001 - CONTROL NUMBER | |
| control field | ASIN3838352998 |
| 003 - CONTROL NUMBER IDENTIFIER | |
| control field | Nust- CAS-E |
| 005 - DATE AND TIME OF LATEST TRANSACTION | |
| control field | 20180124120503.0 |
| 008 - FIXED-LENGTH DATA ELEMENTS--GENERAL INFORMATION | |
| fixed length control field | 140829s2010 xxu eng d |
| 020 ## - INTERNATIONAL STANDARD BOOK NUMBER | |
| International Standard Book Number | 3838352998 |
| Terms of availability | $65.00 |
| 020 ## - INTERNATIONAL STANDARD BOOK NUMBER | |
| International Standard Book Number | 9783838352992 |
| 040 ## - CATALOGING SOURCE | |
| Transcribing agency | 0 |
| 082 ## - DEWEY DECIMAL CLASSIFICATION NUMBER | |
| Classification number | 621.45 |
| Author Mark | MUG 2010 |
| 100 1# - MAIN ENTRY--PERSONAL NAME | |
| Personal name | Mughal, Umair. |
| 9 (RLIN) | 9666 |
| 245 10 - TITLE STATEMENT | |
| Title | Wind energy potential in pakistan and basic design of wind turbine : |
| Remainder of title | feasibility of wind turbine in coastal regions of pakistan and overview of wind turbine designing / |
| Statement of responsibility, etc. | Umair Mughal, Ghufran Ahmed Bala, Danish Khan. |
| 260 ## - PUBLICATION, DISTRIBUTION, ETC. | |
| Place of publication, distribution, etc. | [S.l.] : |
| Name of publisher, distributor, etc. | LAP Lambert Academic Publishing, |
| Date of publication, distribution, etc. | 2010. |
| 300 ## - PHYSICAL DESCRIPTION | |
| Extent | 100 p. ; |
| Dimensions | 22 cm. |
| 520 ## - SUMMARY, ETC. | |
| Summary, etc. | The aim is to work in energy sector particularly in renewable and sustainable energy sector. In a country with a great wind corridor, wind energy is the best renewable source. The project is about Feasibility Study of Wind Turbine and its Design Suitable for the coastal region of Pakistan including wind data, best potential sites, available resources & economical Analysis. The project can give an idea about procedure to be followed for an Investor interested in Wind Harvesting in Pakistan. It also includes the application and designing of a system with suitable size and capacity according to the conditions available in Pakistan. It includes the problem definition and analysis stage followed by designing stage. |
| 700 1# - ADDED ENTRY--PERSONAL NAME | |
| Personal name | Bala, Ghufran Ahmed. |
| 9 (RLIN) | 9667 |
| 700 1# - ADDED ENTRY--PERSONAL NAME | |
| Personal name | Khan, Danish. |
| 9 (RLIN) | 9668 |
| 856 40 - ELECTRONIC LOCATION AND ACCESS | |
| Materials specified | Amazon.com |
| Uniform Resource Identifier | <a href="http://www.amazon.com/exec/obidos/ASIN/3838352998/chopaconline-20">http://www.amazon.com/exec/obidos/ASIN/3838352998/chopaconline-20</a> |
| 942 ## - ADDED ENTRY ELEMENTS (KOHA) | |
| Source of classification or shelving scheme | |
| Koha item type | Book |
| Withdrawn status | Lost status | Source of classification or shelving scheme | Damaged status | Not for loan | Collection code | Permanent Location | Current Location | Shelving location | Date acquired | Source of acquisition | Total Checkouts | Full call number | Barcode | Date last seen | Cost, replacement price | Price effective from | Koha item type |
|---|---|---|---|---|---|---|---|---|---|---|---|---|---|---|---|---|---|
| US-Pakistan Center for Advanced Studies in Energy (USPCAS-E) | US-Pakistan Center for Advanced Studies in Energy (USPCAS-E) | General Stacks | 06/07/2013 | Progressive Int. | 621.45 MUG 2010 | CAS-E0000347 | 10/02/2014 | 5970.53 | 10/02/2014 | Book |
